000 00969nam a2200265 a 4500
003 EG-GiCUC
005 20250223030007.0
008 091224s1954 ua f m 000 0 ara d
040 _aEG-GiCUC
_bara
_cEG-GiCUC
041 0 _aara
049 _aايداع
097 _aماجستير
099 _aCai01.02.03.M.A.1954.فا.ض
100 0 _aفايق حليم جبره
245 1 0 _aضرائب الاطيان (المصرية) فى عصر محمد على /
_cفايق حليم جبره ؛ اشراف محمد شفيق غربال
260 _aالقاهرة :
_bفايق حليم جبره :
_c1954
300 _a164ورقة ؛
_c30سم
502 _aاطروحة (ماجستير) - جامعة القاهرة - كلية الاداب - قسم التاريخ
700 0 _aمحمد شفيق غربال :
_eمشرف
856 _uhttp://172.23.153.220/th.pdf
902 _a1
905 _aFatma
_eCataloger
905 _aNazla
_eRevisor
942 _2ddc
_cTH
999 _c25107
_d25107